[Event "13th Parsvnath Open"]
[Site "New Delhi IND"]
[Date "2015.01.12"]
[Round "6.59"]
[White "Neelash, Saha"]
[Black "Kiran, Manisha Mohanty"]
[Result "1-0"]
[BlackTitle "WGM"]
[WhiteElo "2010"]
[BlackElo "2206"]
[WhiteFideId "5094160"]
[BlackFideId "5019575"]
[EventDate "2015.01.09"]

1. d4 Nf6 2. Bg5 Ne4 3. Bf4 d5 4. f3 Nf6 5. e4 e6 6. e5 Nfd7 7. Be3 c5 8. c3 Nc6
9. f4 Qb6 10. Qd2 Be7 11. Nf3 f6 12. Bd3 Qa5 13. O-O cxd4 14. Nxd4 Nxd4 15. cxd4
Qxd2 16. Nxd2 Nb8 17. Rfc1 Nc6 18. Nb3 g5 19. fxg5 fxe5 20. dxe5 O-O 21. Bb5
Nxe5 22. Bd4 Nf7 23. h4 e5 24. Bc5 Bxc5+ 25. Nxc5 b6 26. Nd3 Bf5 27. Nb4 Be6 28.
Rc7 a6 29. Re7 axb5 30. Rxe6 d4 31. Nd5 Rad8 32. Nf6+ Kh8 33. Ne4 d3 34. Rf1 Rd4
35. Nd2 Kg8 36. g6 hxg6 37. Rxg6+ Kh7 38. Rgf6 Kg7 39. h5 Rh4 40. Rg6+ Kh7 41.
g4 Rh3 42. Ne4 Re3 43. Rxf7+ Rxf7 44. Ng5+ Kh8 45. Nxf7+ 1-0

[Event "13th Parsvnath Open"]
[Site "New Delhi IND"]
[Date "2015.01.12"]
[Round "6.60"]
[White "Ritviz, Parab"]
[Black "Prajesh, R"]
[Result "0-1"]
[WhiteElo "2187"]
[BlackElo "2058"]
[WhiteFideId "5073367"]
[BlackFideId "25044753"]
[EventDate "2015.01.09"]

1. e4 c5 2. Nc3 Nc6 3. f4 g6 4. Nf3 Bg7 5. g3 e6 6. Bg2 Nge7 7. O-O d6 8. d3 O-O
9. Ne2 d5 10. e5 f6 11. exf6 Bxf6 12. c3 d4 13. cxd4 cxd4 14. g4 Nd5 15. Ng3 Bg7
16. Ng5 Ne3 17. Bxe3 dxe3 18. Rb1 Nd4 19. N5e4 e5 20. fxe5 Bxe5 21. Rxf8+ Qxf8
22. Qe1 Qf4 23. g5 Bg4 24. Qb4 e2 25. Re1 Rf8 26. a3 Nf3+ 27. Bxf3 Qe3+ 28. Nf2
Rxf3 29. Ne4 Rxf2 30. Nxf2 Bxh2+ 0-1

[Event "13th Parsvnath Open"]
[Site "New Delhi IND"]
[Date "2015.01.12"]
[Round "6.61"]
[White "Raja, Harshit"]
[Black "Harini, S."]
[Result "0-1"]
[WhiteElo "2144"]
[BlackElo "2046"]
[WhiteFideId "5089000"]
[BlackFideId "5024919"]
[EventDate "2015.01.09"]

1. e4 c5 2. c3 d5 3. exd5 Qxd5 4. d4 Nf6 5. Nf3 e6 6. Na3 cxd4 7. Nb5 Na6 8.
Qxd4 Bc5 9. Qh4 Qe4+ 10. Qxe4 Nxe4 11. Be3 Bxe3 12. fxe3 Ke7 13. Bd3 Nac5 14.
Bc2 Bd7 15. Nbd4 Nd6 16. O-O-O f6 17. Rhf1 a5 18. Nb3 Nxb3+ 19. axb3 a4 20. bxa4
Bxa4 21. Bxa4 Rxa4 22. Kc2 Nc4 23. Rfe1 b5 24. b3 Ra2+ 25. Kb1 Rb2+ 26. Kc1 Rxb3
27. Nd4 Rxc3+ 28. Kb1 Rxe3 29. Rxe3 Nxe3 30. Nc6+ Kf7 31. Rd7+ Kg6 32. Ne7+ Kh6
33. Rd3 Re8 34. Nc6 Nd5 35. Nd4 Nf4 36. Rf3 g5 37. g3 Nd5 38. Kc2 b4 39. Kd2 Kg6 0-1

[Event "13th Parsvnath Open"]
[Site "New Delhi IND"]
[Date "2015.01.12"]
[Round "6.62"]
[White "Pradip, Tiwari"]
[Black "Gandhi, Anish"]
[Result "1-0"]
[WhiteElo "2030"]
[BlackElo "2118"]
[WhiteFideId "5045436"]
[BlackFideId "5061032"]
[EventDate "2015.01.09"]

1. b3 d5 2. Bb2 Nf6 3. e3 Bf5 4. g3 e6 5. Bg2 Bd6 6. f4 O-O 7. Nf3 Nbd7 8. O-O
c5 9. d3 Qb6 10. Nbd2 c4 11. Bd4 Bc5 12. bxc4 Ng4 13. Qe2 Rac8 14. Rfb1 Qa6 15.
Bxc5 Nxc5 16. a4 Rfd8 17. Nd4 Bg6 18. f5 exf5 19. Bxd5 Qf6 20. N4f3 Re8 1-0

[Event "13th Parsvnath Open"]
[Site "New Delhi IND"]
[Date "2015.01.13"]
[Round "7.1"]
[White "Baryshpolets, Andrey"]
[Black "Mozharov, Mikhail"]
[Result "1/2-1/2"]
[WhiteTitle "GM"]
[BlackTitle "GM"]
[WhiteElo "2541"]
[BlackElo "2557"]
[WhiteFideId "14117207"]
[BlackFideId "4189825"]
[EventDate "2015.01.09"]

1. d4 Nf6 2. c4 g6 3. g3 Bg7 4. Bg2 O-O 5. Nc3 d6 6. Nf3 Nc6 7. O-O Bf5 8. d5
Na5 9. Nd2 c5 10. e4 Bg4 11. Qc2 a6 12. h3 Bd7 13. b3 b5 14. Bb2 Rb8 15. Rab1 e5
16. Ne2 Nh5 1/2-1/2

[Event "13th Parsvnath Open"]
[Site "New Delhi IND"]
[Date "2015.01.13"]
[Round "7.2"]
[White "Popov, Ivan RUS"]
[Black "Demchenko, Anton"]
[Result "1-0"]
[WhiteTitle "GM"]
[BlackTitle "GM"]
[WhiteElo "2622"]
[BlackElo "2611"]
[WhiteFideId "4170350"]
[BlackFideId "4160258"]
[EventDate "2015.01.09"]

1. e4 e5 2. Nf3 Nc6 3. Nc3 Nf6 4. d4 exd4 5. Nxd4 Bc5 6. Be3 Bb6 7. Qd2 Ng4 8.
Nxc6 bxc6 9. Bd4 O-O 10. h3 Nf6 11. O-O-O Re8 12. f3 d6 13. g4 Nd7 14. f4 Qh4
15. Bc4 Bxd4 16. Qxd4 Nb6 17. Bd3 Bb7 18. Qg1 c5 19. Qe1 Qxe1 20. Rhxe1 f6 21.
Bb5 Re7 22. Nd5 Nxd5 23. exd5 Rxe1 24. Rxe1 Bxd5 25. Re7 Rf8 26. Rxc7 Rf7 27.
Bd7 g5 28. f5 Kg7 29. Rxa7 Bg2 30. Kd2 Bxh3 31. Ra3 Bxg4 32. Be6 Rb7 33. Rg3 Bh5
34. Rd3 Rb6 35. a4 Be8 36. a5 Ra6 37. Ra3 Bb5 38. Bc8 Ra7 39. a6 Bc6 40. Rb3 Ra8
41. Bb7 Bxb7 42. Rxb7+ Kh6 43. a7 g4 44. b3 Kg5 45. Rxh7 Kxf5 46. c3 Kf4 47. b4
cxb4 48. cxb4 g3 49. Ke2 Re8+ 50. Kf1 Kf3 51. Rg7 Rh8 52. Ke1 Rh1+ 53. Kd2 Ra1
54. b5 f5 55. b6 f4 56. Rg8 Kg2 57. a8=Q+ Rxa8 58. Rxa8 f3 59. Rf8 f2 60. Ke2 1-0

[Event "13th Parsvnath Open"]
[Site "New Delhi IND"]
[Date "2015.01.13"]
[Round "7.3"]
[White "Narayanan, Srinath"]
[Black "Cruz, Cristhian"]
[Result "1-0"]
[WhiteTitle "IM"]
[BlackTitle "GM"]
[WhiteElo "2477"]
[BlackElo "2546"]
[WhiteFideId "5018420"]
[BlackFideId "3801969"]
[EventDate "2015.01.09"]

1. e4 c5 2. Nf3 d6 3. d4 cxd4 4. Nxd4 Nf6 5. Nc3 a6 6. h3 e6 7. g4 Be7 8. Bg2
Nfd7 9. Nce2 Nc6 10. c3 O-O 11. O-O Re8 12. f4 Nf8 13. f5 Bd7 14. Ng3 Rc8 15.
Nh5 Ne5 16. Bh6 gxh6 17. f6 Nfg6 18. fxe7 Rxe7 19. Nf6+ Kh8 20. g5 Qf8 21. Qh5
Rc5 22. Rad1 Ba4 23. b3 Bc6 24. b4 Rxc3 25. Ne2 Rd3 26. Rxd3 Nxd3 27. Rd1 Nde5
28. Rxd6 Rd7 29. Nxd7 Qxd6 30. Nf6 Qf8 31. Qxh6 Qxh6 32. gxh6 Nd7 33. Nxd7 Bxd7
34. Kf2 Kg8 35. Ke3 e5 36. Nc3 Nf4 37. Bf3 Kf8 38. Nd5 Nxd5+ 39. exd5 f5 40. d6
Bc6 41. Bh5 b6 42. a3 a5 43. bxa5 bxa5 44. h4 Be8 45. Be2 Bf7 46. Kf2 Be6 47.
Bh5 f4 48. Kf3 Bd5+ 49. Kf2 Be6 50. Kf3 Bf5 51. Kf2 e4 52. Ke2 Bd7 53. Kf2 Be6
54. Ke2 Bc8 55. Kf2 Be6 56. Ke2 Bf7 57. Bg4 Bc4+ 58. Kf2 Bd3 59. Be6 e3+ 60. Kf3
Bg6 61. Bg4 Bd3 62. Be6 Be4+ 63. Ke2 Bg6 64. Bg4 Kf7 65. h5 Be4 66. Bd7 Bc2 67.
Bh3 Kf6 68. Bg4 Bb3 69. Bf5 Bc4+ 70. Kf3 Bd5+ 71. Ke2 Bc4+ 72. Kf3 Bf7 73. d7
Ke7 74. Bxh7 Bxh5+ 75. Kg2 f3+ 76. Kg3 f2 77. Bd3 Bg6 78. Bb5 Bf5 79. Kg2 Be4+
80. Kf1 Bf5 81. Ke2 Bg4+ 82. Kxe3 Bxd7 83. h7 1-0

[Event "13th Parsvnath Open"]
[Site "New Delhi IND"]
[Date "2015.01.13"]
[Round "7.4"]
[White "David, Alberto"]
[Black "Nguyen, Van Huy"]
[Result "1/2-1/2"]
[WhiteTitle "GM"]
[BlackTitle "IM"]
[WhiteElo "2572"]
[BlackElo "2445"]
[WhiteFideId "4000013"]
[BlackFideId "12401064"]
[EventDate "2015.01.09"]

1. e4 c6 2. Nc3 d5 3. Nf3 Bg4 4. h3 Bxf3 5. gxf3 e6 6. d4 Nd7 7. Qd3 g6 8. h4 h5
9. Bg5 Be7 10. Bf4 Bxh4 11. Rg1 Qf6 12. Qe3 Ne7 13. Bh3 c5 14. Rd1 cxd4 15. Rxd4
Nc6 16. Rxd5 exd5 17. exd5+ Ne7 18. d6 O-O 19. dxe7 Rfe8 20. Nd5 Qc6 21. Qe4 Nc5
22. Qe5 Bxe7 23. Kf1 Bh4 24. Qd4 Ne6 25. Bxe6 Qxe6 26. Kg2 Rad8 27. c4 Rxd5 28.
cxd5 Qf5 29. Be3 Bf6 30. Qa4 Rd8 31. Rc1 Qxd5 32. Rc7 a6 33. b3 Be5 34. Re7 Kf8
35. Qh4 Bg7 36. Rxb7 Re8 37. Ra7 Re6 38. Qb4+ Kg8 39. Qb8+ Kh7 40. Rxf7 Rxe3 41.
Rxg7+ Kxg7 42. Qa7+ Kf6 43. Qxe3 a5 44. Qe4 Qg5+ 45. Kf1 Qc1+ 46. Kg2 Qg5+ 47.
Kf1 Qc1+ 48. Kg2 Qg5+ 1/2-1/2

[Event "13th Parsvnath Open"]
[Site "New Delhi IND"]
[Date "2015.01.13"]
[Round "7.5"]
[White "Grover, Sahaj"]
[Black "Lazarev, Vladimir"]
[Result "1-0"]
[WhiteTitle "GM"]
[BlackTitle "GM"]
[WhiteElo "2528"]
[BlackElo "2379"]
[WhiteFideId "5021103"]
[BlackFideId "4113250"]
[EventDate "2015.01.09"]

1. e4 c5 2. Nf3 Nc6 3. Nc3 e6 4. d4 cxd4 5. Nxd4 Qc7 6. Be3 a6 7. Qf3 Nf6 8.
O-O-O Be7 9. Be2 d6 10. g4 h6 11. Qg2 Nxd4 12. Rxd4 b5 13. h4 e5 14. Rd2 b4 15.
Nd5 Nxd5 16. exd5 Bb7 17. Qe4 a5 18. Bb5+ Kf8 19. g5 g6 20. f4 Kg7 21. gxh6+
Rxh6 22. fxe5 Rh5 23. e6 Bf6 24. Rf1 fxe6 25. Rg2 Qf7 26. Bd3 Rf5 27. Rxf5 exf5
28. Qxf5 Be5 29. Bh6+ Kg8 30. Rxg6+ 1-0

[Event "13th Parsvnath Open"]
[Site "New Delhi IND"]
[Date "2015.01.13"]
[Round "7.7"]
[White "Deepan, Chakkravarthy J."]
[Black "Kulkarni, Vikramaditya"]
[Result "1-0"]
[WhiteTitle "GM"]
[BlackTitle "IM"]
[WhiteElo "2484"]
[BlackElo "2354"]
[WhiteFideId "5011132"]
[BlackFideId "5009847"]
[EventDate "2015.01.09"]

1. Nf3 Nf6 2. g3 d6 3. d4 Nbd7 4. c4 e5 5. Bg2 c6 6. O-O Be7 7. c5 dxc5 8. dxe5
Ng4 9. e6 fxe6 10. Qc2 Nde5 11. Nxe5 Nxe5 12. Be3 Qa5 13. Nd2 Ng4 14. Nc4 Nxe3
15. fxe3 Qc7 16. Be4 Bd7 17. Bg6+ Kd8 18. Qc3 hxg6 19. Qxg7 Rh5 20. e4 b5 21.
Rad1 Rd5 22. exd5 cxd5 23. Qg8+ 1-0

[Event "13th Parsvnath Open"]
[Site "New Delhi IND"]
[Date "2015.01.13"]
[Round "7.8"]
[White "Nitin, S."]
[Black "Saptarshi, Roy"]
[Result "1-0"]
[WhiteTitle "IM"]
[BlackTitle "IM"]
[WhiteElo "2355"]
[BlackElo "2448"]
[WhiteFideId "5018277"]
[BlackFideId "5008980"]
[EventDate "2015.01.09"]

1. e4 c5 2. Nf3 d6 3. d4 cxd4 4. Qxd4 a6 5. h3 e5 6. Qe3 Nf6 7. c4 Be7 8. Nc3
O-O 9. Be2 Nc6 10. O-O Be6 11. b3 Nd7 12. Rb1 Rc8 13. Rd1 Qa5 14. Bb2 Qc5 15.
Qd2 f5 16. Rbc1 Kh8 17. exf5 Bxf5 18. Nd5 e4 19. b4 Qa7 20. Nxe7 Nxe7 21. Qxd6
Nc6 22. Nd4 Nde5 23. Nxc6 Nxc6 24. Qg3 Rf7 25. Bh5 Re7 26. b5 axb5 27. cxb5 Qxa2
28. Qa3 1-0

[Event "13th Parsvnath Open"]
[Site "New Delhi IND"]
[Date "2015.01.13"]
[Round "7.9"]
[White "Sunilduth Lyna, Narayanan"]
[Black "Krishna, C.R.G."]
[Result "1/2-1/2"]
[WhiteTitle "IM"]
[WhiteElo "2437"]
[BlackElo "2350"]
[WhiteFideId "5058422"]
[BlackFideId "5018625"]
[EventDate "2015.01.09"]

1. e4 e6 2. d3 d5 3. Qe2 dxe4 4. dxe4 b6 5. Nf3 Ba6 6. c4 Nc6 7. a3 Bc5 8. Nbd2
e5 9. g3 Nf6 10. Bg2 Bb7 11. b4 Nd4 12. Nxd4 Bxd4 13. Rb1 O-O 14. O-O Qd7 15.
Nb3 Rad8 16. Bg5 Qe6 17. Rfd1 Rfe8 18. Qc2 Ba8 1/2-1/2

[Event "13th Parsvnath Open"]
[Site "New Delhi IND"]
[Date "2015.01.13"]
[Round "7.10"]
[White "Rathnakaran, K."]
[Black "Gupta, Abhijeet"]
[Result "1-0"]
[WhiteTitle "IM"]
[BlackTitle "GM"]
[WhiteElo "2387"]
[BlackElo "2631"]
[WhiteFideId "5005507"]
[BlackFideId "5010608"]
[EventDate "2015.01.09"]

1. e4 c5 2. Nf3 d6 3. c3 Nf6 4. h3 Nc6 5. Bd3 d5 6. e5 Nd7 7. Bb5 Qb6 8. Qe2 c4
9. Bxc6 bxc6 10. e6 fxe6 11. O-O g6 12. b3 cxb3 13. axb3 Bg7 14. Ng5 e5 15. d4
Bf6 16. Re1 e4 17. b4 Nf8 18. Ra5 Bf5 19. g4 Bd7 20. Nd2 Qc7 21. Ndxe4 dxe4 22.
Nxe4 Ne6 23. g5 O-O 24. gxf6 exf6 25. Bh6 Ng7 26. Qc4+ Be6 27. d5 Bxh3 28. d6+
Qf7 29. Nxf6+ Kh8 30. Re7 Qxf6 31. Bxg7+ Qxg7 32. Rxg7 Kxg7 33. Qd4+ Rf6 34. Re5 1-0

[Event "13th Parsvnath Open"]
[Site "New Delhi IND"]
[Date "2015.01.13"]
[Round "7.11"]
[White "Ravi, Teja S."]
[Black "Gasanov, Eldar"]
[Result "1-0"]
[BlackTitle "GM"]
[WhiteElo "2338"]
[BlackElo "2520"]
[WhiteFideId "5017220"]
[BlackFideId "14104466"]
[EventDate "2015.01.09"]

1. d4 d5 2. Nf3 Nf6 3. c4 e6 4. e3 Be7 5. Nc3 O-O 6. Bd3 b6 7. O-O Bb7 8. b3
Nbd7 9. Bb2 a6 10. cxd5 exd5 11. Rc1 Bd6 12. Ne2 Qe7 13. Ng3 g6 14. Qc2 Rac8 15.
Qe2 Ra8 16. Rc2 Ne4 17. Rfc1 Rfc8 18. Nd2 f5 19. Ngf1 Ndf6 20. Nf3 Nd7 21. Ne1
c5 22. f3 Nef6 23. f4 Nf8 24. Nf3 Ne6 25. N1d2 Rc7 26. h3 Ne4 27. Ne5 cxd4 28.
Rxc7 Bxc7 29. Bxd4 Nxd4 30. exd4 b5 31. Ndf3 Bb6 32. a4 Qa3 33. Qd1 Qb2 34. Rc2
Qa3 35. Nd7 Ba5 36. Nfe5 Qb4 37. Bxe4 dxe4 38. d5 Qd6 39. axb5 axb5 40. Kh1 e3
41. Qd3 Bd2 42. Kh2 Rd8 43. Qxb5 Ba6 44. Qa4 e2 45. Rc6 Qe7 46. Nf6+ Kg7 47. Nf3
Bb5 48. Qxb5 e1=Q 49. Nxe1 Bxf4+ 50. g3 Bxg3+ 51. Kxg3 Qxe1+ 52. Kg2 Qd2+ 53.
Kf3 Qd1+ 54. Qe2 Qh1+ 55. Kf4 Kh6 56. Qe3 Qa1 57. Kg3+ g5 58. Ng8+ 1-0

[Event "13th Parsvnath Open"]
[Site "New Delhi IND"]
[Date "2015.01.13"]
[Round "7.12"]
[White "Nguyen, Duc Hoa"]
[Black "Vignesh, NR"]
[Result "1-0"]
[WhiteTitle "GM"]
[WhiteElo "2518"]
[BlackElo "2340"]
[WhiteFideId "12401358"]
[BlackFideId "25012215"]
[EventDate "2015.01.09"]

1. d4 Nf6 2. c4 e6 3. Nf3 d5 4. g3 Be7 5. Bg2 O-O 6. O-O dxc4 7. Qc2 a6 8. Qxc4
b5 9. Qc2 Bb7 10. Bd2 Be4 11. Qc1 Bb7 12. Bf4 Nd5 13. Nbd2 Nxf4 14. gxf4 Nd7 15.
Nb3 Rc8 16. Rd1 c5 17. dxc5 Qc7 18. Qe3 Nxc5 19. Rac1 Bd5 20. Rxd5 exd5 21. Bh3
Rce8 22. Nxc5 Bxc5 23. Rxc5 Qb6 24. Ne5 f6 25. Bd7 fxe5 26. Bxe8 Rxe8 27. fxe5
Qg6+ 28. Kf1 Qb1+ 29. Rc1 Qxb2 30. e6 Qf6 31. Rc6 Qg6 32. f3 a5 33. Qe5 Qb1+ 34.
Kf2 Qb4 35. Qxd5 Qh4+ 36. Kg2 h6 37. Qxb5 a4 38. Rc4 Qe7 39. Re4 a3 40. Qd7 Kf8
41. h4 h5 42. Qd5 g6 43. Qd4 Kg8 44. Qd7 Kf8 45. Qd3 Rd8 46. Rf4+ Kg7 47. Qd1 1-0

[Event "13th Parsvnath Open"]
[Site "New Delhi IND"]
[Date "2015.01.13"]
[Round "7.13"]
[White "Rombaldoni, Axel"]
[Black "Kunal, M."]
[Result "1/2-1/2"]
[WhiteTitle "GM"]
[WhiteElo "2509"]
[BlackElo "2336"]
[WhiteFideId "815837"]
[BlackFideId "5018250"]
[EventDate "2015.01.09"]

1. d4 Nf6 2. c4 e6 3. Nf3 d5 4. g3 Be7 5. Bg2 O-O 6. O-O dxc4 7. Qc2 a6 8. a4
Bd7 9. Ne5 Bc6 10. Nxc6 Nxc6 11. e3 Na5 12. Nd2 c5 13. Nxc4 cxd4 14. Nxa5 Qxa5
15. Bxb7 Rab8 16. Bg2 Rfc8 17. Qe2 Bc5 18. e4 Rb3 19. Qc4 Rcb8 20. Bf4 R8b4 21.
Qc1 Rb7 22. Bd2 Qb6 23. Ra2 Nd7 24. a5 Qb5 25. Rd1 d3 26. Bc3 Bb4 27. Bf1 Bxc3
28. Bxd3 Qc6 29. bxc3 Rxc3 30. Qd2 Ne5 31. Bb5 Nf3+ 32. Kg2 Nxd2 33. Bxc6 Rxc6
34. Raxd2 g5 35. Rd6 Rc2 36. Rb6 1/2-1/2

[Event "13th Parsvnath Open"]
[Site "New Delhi IND"]
[Date "2015.01.13"]
[Round "7.14"]
[White "Navalgund, Niranjan"]
[Black "Rahman, Ziaur"]
[Result "1-0"]
[BlackTitle "GM"]
[WhiteElo "2309"]
[BlackElo "2507"]
[WhiteFideId "5030854"]
[BlackFideId "10200037"]
[EventDate "2015.01.09"]

1. d4 e6 2. e4 d5 3. Nd2 Be7 4. Ngf3 Nf6 5. e5 Nfd7 6. Bd3 c5 7. c3 b6 8. Qe2 a5
9. a4 Ba6 10. Bb5 Qc8 11. c4 Bxb5 12. axb5 Nf8 13. O-O Ng6 14. g3 O-O 15. b3
cxd4 16. Nxd4 Bb4 17. N2f3 dxc4 18. bxc4 Ra7 19. Bg5 h6 20. Be3 Rc7 21. Rfc1 Qb7
22. Bd2 Bc5 23. h4 Rd8 24. Nb3 Nd7 25. h5 Ngf8 26. g4 Nh7 27. Bf4 Ra8 28. Rd1
Be7 29. Nbd4 Nb8 30. Qe3 Rxc4 31. Nd2 Rc5 32. Ne4 Rd5 33. g5 hxg5 34. Nxg5 Bxg5
35. Bxg5 f6 36. Nxe6 Kf7 37. Rxd5 Qxd5 38. Nc7 Qc4 39. e6+ Kg8 40. e7 Qg4+ 41.
Kf1 Qc4+ 42. Qe2 Qxe2+ 43. Kxe2 Nd7 44. Nxa8 Kf7 45. Be3 1-0

[Event "13th Parsvnath Open"]
[Site "New Delhi IND"]
[Date "2015.01.13"]
[Round "7.15"]
[White "Debashis, Das"]
[Black "Shivananda, B.S."]
[Result "1-0"]
[WhiteTitle "GM"]
[BlackTitle "IM"]
[WhiteElo "2503"]
[BlackElo "2305"]
[WhiteFideId "5024854"]
[BlackFideId "5007038"]
[EventDate "2015.01.09"]

1. d4 Nf6 2. c4 c5 3. d5 e6 4. Nc3 exd5 5. cxd5 d6 6. Nf3 g6 7. Bf4 a6 8. e4 Bg7
9. Bd3 O-O 10. O-O Re8 11. Re1 b5 12. a3 Nh5 13. Bg5 Qb6 14. a4 b4 15. Qb3 Nd7
16. Nd1 h6 17. Bd2 Qc7 18. Ne3 Nf4 19. Bc2 a5 20. Nc4 g5 21. h4 f6 22. hxg5 hxg5
23. g3 Ng6 24. Kg2 g4 25. Nh4 Nxh4+ 26. gxh4 Ba6 27. Bd3 Bxc4 28. Bxc4 Ne5 29.
Bf4 Nf3 30. Re3 Nxh4+ 31. Kh1 Kf7 32. Rg1 Rh8 33. Rxg4 Qd7 34. Reg3 Nf5+ 35. Kg2
Nxg3 36. Qxg3 Rag8 37. Be2 Bf8 38. Rxg8 Rxg8 39. Bh5+ 1-0

[Event "13th Parsvnath Open"]
[Site "New Delhi IND"]
[Date "2015.01.13"]
[Round "7.16"]
[White "Kathmale, Sameer"]
[Black "Neverov, Valeriy"]
[Result "0-1"]
[WhiteTitle "IM"]
[BlackTitle "GM"]
[WhiteElo "2304"]
[BlackElo "2501"]
[WhiteFideId "5024498"]
[BlackFideId "14100150"]
[EventDate "2015.01.09"]

1. e4 c5 2. Nf3 d6 3. d4 cxd4 4. Nxd4 Nf6 5. Nc3 a6 6. Be3 e5 7. Nb3 Be6 8. h3
Nbd7 9. g4 Rc8 10. g5 Rxc3 11. bxc3 Nxe4 12. Bg2 Nxc3 13. Qd3 Qc7 14. f4 g6 15.
O-O Bg7 16. Rae1 O-O 17. h4 d5 18. h5 d4 19. Bd2 Bc4 20. Qh3 Bxf1 21. Bxf1 exf4
22. hxg6 hxg6 23. Qh4 Nd5 24. Re2 Ne5 25. Kh1 Nf3 26. Qh3 Nxd2 27. Nxd2 Qc8 28.
Qh4 Re8 29. Ne4 f3 30. Rf2 Qc6 31. Rh2 Ne3 32. Bd3 Nf5 33. Nf6+ Bxf6 0-1

[Event "13th Parsvnath Open"]
[Site "New Delhi IND"]
[Date "2015.01.13"]
[Round "7.17"]
[White "Shyam, Sundar M."]
[Black "Sangma, Rahul"]
[Result "1/2-1/2"]
[WhiteTitle "GM"]
[BlackTitle "IM"]
[WhiteElo "2489"]
[BlackElo "2289"]
[WhiteFideId "5019141"]
[BlackFideId "5013615"]
[EventDate "2015.01.09"]

1. e4 e5 2. Nf3 Nc6 3. Bb5 Nf6 4. d3 Bc5 5. Bxc6 dxc6 6. Nbd2 Be6 7. O-O Nd7 8.
Nb3 Bg4 9. h3 Bxf3 10. Qxf3 Qe7 11. Qg3 f6 12. Na5 O-O-O 13. Nc4 Nf8 14. c3 Ne6
15. b4 Bd6 16. a4 Kb8 17. b5 Qd7 18. Be3 Bc5 19. Rfd1 cxb5 20. axb5 Qxb5 21.
Rdb1 Qd7 22. Bxc5 Nxc5 23. Qe3 Qe7 24. Ra5 Rxd3 25. Qxc5 Qxc5 26. Rxc5 Rhd8 27.
Ne3 b6 28. c4 R8d4 29. Rc6 Rc3 30. Re6 Rxe4 31. Re8+ Kb7 32. Re7 g6 33. Rxh7 f5
34. Rg7 f4 35. Ng4 Rexc4 36. Kh2 Rc1 37. Nxe5 Rxb1 38. Nxc4 a5 39. Nd6+ Kb8 40.
Ne8 Rc1 41. Rf7 Rc4 42. Rf8 Kb7 43. Rf7 Kb8 44. Rf8 Kb7 45. Rf7 Kb8 46. Rf8 Rb4
47. Rf7 c6 48. Nc7 Rc4 49. Na6+ Ka8 50. Nc7+ Kb8 51. Na6+ Ka8 52. Nc7+ Kb7 53.
Nd5+ Ka6 54. Nc7+ Kb7 55. Nd5+ Ka6 56. Nc7+ Kb7 57. Ne8+ Kb8 58. Rf6 Kc8 59. Rf7
Kb8 60. Nc7 Kc8 61. Na6 Kd8 62. Ra7 a4 63. Nc7 Kc8 64. Na6 Kd8 65. Nc7 Kc8 66.
Na8 Rb4 67. Nxb6+ 1/2-1/2

[Event "13th Parsvnath Open"]
[Site "New Delhi IND"]
[Date "2015.01.13"]
[Round "7.18"]
[White "Abhishek, Kelkar"]
[Black "Shyam, Nikil P."]
[Result "1/2-1/2"]
[BlackTitle "IM"]
[WhiteElo "2280"]
[BlackElo "2455"]
[WhiteFideId "5019257"]
[BlackFideId "5024218"]
[EventDate "2015.01.09"]

1. d4 Nf6 2. Nf3 c5 3. d5 b5 4. Bg5 Ne4 5. Bh4 Bb7 6. a4 Qa5+ 7. Nbd2 Nxd2 8.
Nxd2 Bxd5 9. axb5 Qc7 10. e4 Bb7 11. Bc4 e6 12. Qg4 a6 13. bxa6 Nxa6 14. O-O Nb4
15. Rxa8+ Bxa8 16. c3 Nc6 17. f4 h5 18. Qg5 g6 19. Qf6 Rh7 20. Qg5 Be7 21. Qg3
Rg7 22. Bxe7 Nxe7 23. Qg5 Rg8 24. Qf6 Bb7 25. Nf3 Nc6 26. Ng5 d6 27. f5 gxf5 28.
exf5 Qe7 29. Qxf7+ Qxf7 30. Nxf7 Kxf7 31. Bxe6+ Kf8 32. Bxg8 Kxg8 33. Rd1 Kf7
34. Rxd6 Ne5 35. Rh6 Bc8 36. Rh7+ Kf6 37. Rc7 Bxf5 38. Rxc5 Nd3 39. Rc6+ Kg5 40.
b4 Be4 41. Rc7 Kf6 42. Rc4 Ke5 43. b5 Bd5 44. Rc8 Nf4 45. c4 Bxg2 46. Re8+ Kd6
47. Rc8 Be4 48. c5+ Kd7 49. Rh8 Nh3+ 50. Kf1 Bd3+ 51. Kg2 Nf4+ 52. Kf3 Ne6 53.
c6+ Kd6 54. Rxh5 Bxb5 55. Rxb5 Nd4+ 56. Kg4 Nxb5 57. Kg5 Kxc6 58. h4 Kd7 59. Kg6
Ke7 1/2-1/2

[Event "13th Parsvnath Open"]
[Site "New Delhi IND"]
[Date "2015.01.13"]
[Round "7.19"]
[White "Cruz, Jonathan"]
[Black "Swathi, Ghate"]
[Result "0-1"]
[WhiteTitle "IM"]
[BlackTitle "WGM"]
[WhiteElo "2454"]
[BlackElo "2188"]
[WhiteFideId "3802124"]
[BlackFideId "5003474"]
[EventDate "2015.01.09"]

1. e4 c5 2. Nf3 e6 3. c3 Nf6 4. Bd3 Nc6 5. Bc2 Qc7 6. O-O d5 7. d3 Be7 8. Re1
O-O 9. Bg5 d4 10. e5 Nd5 11. Bxe7 Ndxe7 12. cxd4 cxd4 13. Nbd2 Ng6 14. Re4 Ngxe5
15. Nxe5 Nxe5 16. Rxd4 Bd7 17. Rc1 Bc6 18. Qh5 Ng6 19. Rg4 Nf4 20. Qh6 Ne2+ 21.
Kf1 f5 22. Qxe6+ Kh8 23. Rg3 Nxc1 24. Ke1 Qd8 0-1

[Event "13th Parsvnath Open"]
[Site "New Delhi IND"]
[Date "2015.01.13"]
[Round "7.20"]
[White "Sahoo, Utkal Ranjan"]
[Black "Neelotpal, Das"]
[Result "0-1"]
[BlackTitle "GM"]
[WhiteElo "2247"]
[BlackElo "2437"]
[WhiteFideId "5034566"]
[BlackFideId "5003512"]
[EventDate "2015.01.09"]

1. d4 Nf6 2. Nf3 g6 3. Nc3 Bg7 4. e4 d6 5. Be2 O-O 6. O-O Bg4 7. h3 Bxf3 8. Bxf3
Nc6 9. Be3 Re8 10. Nd5 Nd7 11. Qd2 e6 12. Nc3 Nb6 13. Be2 e5 14. d5 Nd4 15. Nb5
Qd7 16. Nxd4 exd4 17. Bxd4 Rxe4 18. Bxg7 Kxg7 19. Bd3 Ree8 20. c4 Qe7 21. Qc3+
Qe5 22. Qxe5+ Rxe5 23. Rfe1 Rae8 24. Rxe5 Rxe5 25. b3 Nd7 26. b4 g5 27. Rc1 h5
28. Kf1 f5 29. Be2 Nf6 30. c5 Re7 31. cxd6 cxd6 32. a3 h4 33. Rc8 Nxd5 34. Rd8
Nf4 35. Bf3 d5 36. Bxd5 Rc7 37. Bf3 Rc3 38. a4 Rb3 39. b5 Ra3 40. Bd1 Kf6 41.
Kg1 Ra1 42. Kh2 b6 43. Rd2 Ne6 44. Rd5 Ra2 45. Kg1 Nc5 46. g4 hxg3 47. fxg3 Nxa4
48. g4 fxg4 49. hxg4 Nc5 50. Rf5+ Kg6 51. Bf3 Ra4 52. Rd5 Kf6 53. Rf5+ Kg6 54.
Rd5 Rb4 55. Rd6+ Kg7 56. Rd5 Kf6 57. Be2 Ne6 58. Rf5+ Ke7 59. Kf2 Rb2 60. Re5
Kd6 61. Re4 Nf4 62. Rxf4 gxf4 63. g5 Ke6 0-1